| 000 | 00381nam a22001457a 4500 | ||
|---|---|---|---|
| 999 |
_c7867 _d7867 |
||
| 003 | OSt | ||
| 005 | 20200527131133.0 | ||
| 008 | 200527b ||||| |||| 00| 0 eng d | ||
| 020 | _a9781945150722 | ||
| 082 | _a711.4 | ||
| 100 | _aMariano Gomez-Luque and Ghazal Jafari (editor) | ||
| 245 |
_aPosthuman _bNew Geographies |
||
| 260 |
_aNew York _bActar _cFebruary 15, 2018) |
||
| 942 | _2ddc | ||